Mujer, poder y desarrollo en el Peru /

Bibliographic Details
Main Author: Prieto de Zegarra, Judith
Format: Book
Language:Spanish
Published: Callao : Editorial DORHCA Representaciones, [1980?]
Subjects:

MARC

Tag First Indicator Second Indicator Subfields
LEADER 00000cam a2200000 a 4500
001 in00000090822
005 20150923131228.0
008 810630s1980 pe a b 00110 spa
010 |a  81110375  
035 |a (OCoLC)07298750 
035 |9 AAK6667AM 
039 0 |a 2  |b 3  |c 3  |d 3  |e 3 
040 |a DLC  |c DLC  |d TXA  |d UtOrBLW 
043 |a s-pe--- 
049 |a TXAM  |d [  |v =t.]  |c 1  |v 1 [1561902]  |v 2 [1561903]  |c 2  |v 1 [1505062]  |v 2 [1505063] 
050 0 0 |a HQ1577  |b  P74 
082 0 |a 305.4/0985  |2 19 
100 1 |a Prieto de Zegarra, Judith. 
245 1 0 |a Mujer, poder y desarrollo en el Peru /  |c Judith Prieto de Zegarra. 
264 1 |a Callao :  |b Editorial DORHCA Representaciones,  |c [1980?] 
300 |a 2 volumes :  |b illustrations ;  |c 21 cm. 
336 |a text  |b txt  |2 rdacontent 
337 |a unmediated  |b n  |2 rdamedia 
338 |a volume  |b nc  |2 rdacarrier 
500 |a At head of title: En el decenio de la mujer. 
504 |a Includes bibliographical references and index. 
650 0 |a Women  |z Peru  |x History. 
999 |a MARS 
999 f f |s fa4f58a1-fd1f-3504-9b59-85bba50956f1  |i b6ee03eb-a8a0-309c-be42-2e4dd0b0b3a4  |t 0 
952 f f |p ric  |a Texas A&M University  |b Rellis Campus  |c Joint Library Facility  |d Remote Storage  |t 0  |e HQ1577 .P74  |h Library of Congress classification  |i unmediated -- volume  |k t.2  |m A14806454084 
952 f f |p ric  |a Texas A&M University  |b Rellis Campus  |c Joint Library Facility  |d Remote Storage  |t 0  |e HQ1577 .P74  |h Library of Congress classification  |i unmediated -- volume  |k t.1  |m A14806454076 
998 f f |a HQ1577 .P74  |s t.1-t.2  |t 0  |l Remote Storage